LEADER 01711nam a2200325 u 4500 001 000000012083 003 CaOOAMICUS 005 20070226105510.0 008 940516s1942 it u000 u lat u 035 $a10293158 040 $aPUL$bita 100 1 $aChelodi, Giovanni,$csac.,$d1882-1922.$0(OLS)http://pul/name/11170 245 10$aIus canonicum de personis :$bpraemissis notionibus de iure publico ecclesiastico de principlis et fontibus iuris canonici /$cIoannes Chelodi .. 250 $aEd. 3a / curavit Pius Ciprotti. 260 $aVicenza :$bSocietà anonima tipografica :$bLibreria moderna editrice,$c1942. 300 $axi, 501, [2] p. ;$c26 cm 500 $aAt head of title: Ioannes Chelodi ... 500 $aInclude indici. 504 $aBibliografia in nota a pie' pagina. 650 4$aDiritto canonico.$0(OLS)http://pul/subject/1294 650 0$aCanon law.$2//eng$0(OLS)http://pul/subject/1600 650 0$aPersons (Canon law).$2//eng$0(OLS)http://pul/subject/9090 700 1 $aCiprotti, Pio,$d1914-1993.$0(OLS)http://pul/name/1280 850 $aPUL 852 $aPUL$W1$xSL Diritto Canonico 1$y5$m150 B 54$j17082$nBK-PRI$b $qStampati$B17082$CPULBib$Z2$F17082 $H $81 852 $aPUL$W1$xSL Diritto Canonico 1$y5$m150 C 3$j17083$nBK-PRI$b $qStampati$B17083$CPULBib$Z2$F17083 $H $81 941 1 $a8 961 $aINV: 57112 996 $6245$aIus canonicum de personis :$bpraemissis notionibus de iure publico ecclesiastico de principlis et fontibus iuris canonici$9(OLS)http://pul/title/17506 996 $6260$aVicenza :$bSocietà anonima tipografica :$bLibreria moderna editrice$9(OLS)http://pul/publisher/53508 LEADER 01920nam a2200349 u 4500 001 000000107352 003 CaOOAMICUS 005 20071004112845.0 008 071004s1987 it u100 u ita u 020 $a88-311-1341-0 040 $aPUL$bita$dLDB 041 0 $aita$aeng$afre$aspa$ager 111 2 $aCongresso internazionale di Teologia morale$d(1986 :$cRoma).$0(OLS)http://pul/name/59245 245 10$aPersona verità e morale :$bAtti del Congresso Internazionale di Teologia morale, Roma, 7-12 aprile 1986. 260 $aRoma :$bCittà Nuova,$c1987. 300 $a981 p. ;$c24 cm 500 $aIn testa al front. : Pontificio Istituto Giovanni Paolo II per studi su matrimonio e famiglia Università Lateranense, Centro Accademico romano della Santa Croce Università di Navarra. 504 $aNote bibliografiche. 546 $aTesti in italiano, francese, inglese, tedesco e spagnolo. 650 4$aTeologia morale$xCongressi.$0(OLS)http://pul/subject/19785 710 2 $aCentro Accademico Romano della Santa Croce.$kTesi.$0(OLS)http://pul/name/3663 710 2 $aPontificia Università Lateranense.$bIstituto Giovanni Paolo II per studi sul matrimonio e famiglia.$0(OLS)http://pul/name/65882 850 $aPUL 852 $aPUL$W1$xSL Religione 1$y3$m38 C 42$j121996$qStampati$B120984$CPULBib$Z2$F120984 $H59580 $82 852 $aPUL$W1$xDP1 Fondo Seidl$y56$m4 C 80$j177680$b2. copia$qFondi$B197899$CPULBib$Z2$F197899 $81 910 $aPontificia Università della Santa Croce$93663 910 $aPontificia Università della Santa Croce$93663 941 1 $a1 941 1 $a8 996 $6020$a88-311-1341-0$9(OLS)http://pul/number/135762 996 $6245$aPersona verità e morale :$bAtti del Congresso Internazionale di Teologia morale, Roma, 7-12 aprile 1986$9(OLS)http://pul/title/118640 996 $6260$aRoma :$bCittà Nuova$9(OLS)http://pul/publisher/47927